00559nam a2200193 a 4500001001300000003000900013005001700022008004100039020001000080082001700090100001600107245003900123260003600162300000900198500003500207505007200242650002600314650002500340nice12345678IN_TiNIC20260116011627.0050524s1920 lona grp 000 0 eng  ac10000a922.97bIQB2 aIqbal, Mohd aSecrets of the Self(asrar-I-Khudi) aLondonbMacmillan and Co.c1920 a147p aincludes index and biblioraphy2 aConference Held at May 29th-31st, 1952, Vol.Xlil.No.4.Muslim World. aIqbal Muhammad-Poetry aIqbal Muhammad-Works